| 000 | 00761nam a2200253Ia 4500 | ||
|---|---|---|---|
| 005 | 20260429112306.0 | ||
| 008 | 260429s9999||||xx |||||||||||||| ||und|| | ||
| 020 | _a9781782620433 | ||
| 041 | _aEnglish | ||
| 082 |
_a551.48 _bCAL |
||
| 100 | _aCalza, Paola | ||
| 245 | 0 |
_aSurface water photochemistry / _cPaola Calza |
|
| 260 |
_aCambridge : _bRoyal Society of Chemistry, _c2016. |
||
| 300 | _axii, 297 p.; hb | ||
| 440 | _aComprehensive Series in Photochemical & Photobiological Sciences, Volume 12 | ||
| 650 | _a Aquatic chemistry | ||
| 650 | _a Environmental chemistry | ||
| 650 | _a Photochemistry | ||
| 650 | _a Water pollution | ||
| 650 | _a Water quality | ||
| 650 | _aSurface water chemistry | ||
| 700 | _a Vione, Davide | ||
| 942 | _cTB | ||
| 999 |
_c53349 _d53349 |
||